Normal view
MARC view
- Mass (Physics)
Entry Topical Term
001 - CONTROL NUMBER
- control field: 44779
003 - CONTROL NUMBER IDENTIFIER
- control field: NUST
005 - DATE AND TIME OF LATEST TRANSACTION
- control field: 20210314133049.0
008 - FIXED-LENGTH DATA ELEMENTS
- fixed length control field: 210314|| aca||aabn | a|a d
040 ## - CATALOGING SOURCE
- Original cataloging agency: NUST
- Transcribing agency: NUST
150 ## - HEADING--TOPICAL TERM
- Topical term or geographic name entry element: Mass (Physics)
670 ## - SOURCE DATA FOUND
- Source citation: Work cat.: (NUST): Schlesinger, Mark A., 44777, Mass and energy balances in materials engineering /, c1996.
